Příběh umění

Salvato in:
Dettagli Bibliografici
Autore principale: Gombrich, Ernst (Autore)
Natura: Libro
Lingua:ceco
Pubblicazione: Praha : ARGO, 2003
Edizione:2. rozš. vyd.
Soggetti:
Tags: Aggiungi Tag
Nessun Tag, puoi essere il primo ad aggiungerne!!

MARC

LEADER 00000nam a22000003a 4500
001 stu89610
005 20150617225623.5
008 040816s2003------------------------cze-d
020 |a 80-7203-143-0 
040 |a STU  |b slo 
041 0 |a cze 
100 1 |a Gombrich, Ernst  |4 aut 
245 1 |a Příběh umění 
250 |a 2. rozš. vyd. 
260 |a Praha :  |b ARGO,  |c 2003 
300 |a 679 s 
650 7 |a umenie výtvarné  |2 stusub 
650 7 |a dejiny umenia  |2 stusub 
996 |b 284AU05432  |c A*8161 U  |l AAKNAR  |s A  |a 24  |w stu89610_0001 
996 |b 284AU06580  |c A*4045 U  |l AAKNST  |s P  |a 0  |w stu89610_0002